[Event "Capablanca mem open"]
[Site "La Habana CUB"]
[Date "2006.11.21"]
[Round "1.2"]
[White "Hoi, Carsten"]
[Black "Arencibia, Walter"]
[Result "0-1"]
[WhiteElo "2413"]
[BlackElo "2530"]
[PlyCount "84"]
[EventDate "2006.11.21"]
[EventType "swiss"]
[EventRounds "9"]
[EventCountry "CUB"]
[Source "lmi"]
[SourceDate "2006.11.21"]

1. d4 d5 2. Nf3 Nf6 3. c4 c6 4. Nc3 a6 5. e3 b5 6. b3 Bf5 7. Bd3 e6 8. O-O Nbd7
9. Bxf5 exf5 10. Ne5 Bd6 11. f4 Rc8 12. c5 Be7 13. b4 O-O 14. a4 Nb8 15. axb5
axb5 16. Ra7 Rc7 17. Ra8 Qc8 18. Rf2 Qe6 19. Rfa2 Ne4 20. Nxe4 dxe4 21. g4 fxg4
22. Qxg4 Qb3 23. R8a5 Qd5 24. Rg2 Bf6 25. Qf5 Kh8 26. Bd2 Nd7 27. Be1 g6 28.
Qg4 Bg7 29. Bh4 Nxe5 30. fxe5 Qc4 31. Ra1 Qc3 32. Re1 f5 33. Qf4 Qxb4 34. e6
Re7 35. Qd6 Rfe8 36. Qxc6 Rxe6 37. Qd7 f4 38. d5 R6e7 39. Qc6 Rf7 40. d6 Ref8
41. Rf1 fxe3 42. Rxf7 Qb1+ 0-1

[Event "Capablanca mem open"]
[Site "La Habana CUB"]
[Date "2006.11.21"]
[Round "1.4"]
[White "Braga, Cicero"]
[Black "Quezada, Yuniesky"]
[Result "1/2-1/2"]
[WhiteElo "2412"]
[BlackElo "2515"]
[PlyCount "50"]
[EventDate "2006.11.21"]
[EventType "swiss"]
[EventRounds "9"]
[EventCountry "CUB"]
[Source "lmi"]
[SourceDate "2006.11.21"]

1. Nf3 Nf6 2. c4 b6 3. g3 e6 4. Bg2 Bb7 5. O-O Be7 6. b3 O-O 7. Bb2 c5 8. Nc3
d6 9. e3 Nbd7 10. Qe2 a6 11. Rfd1 Qc7 12. d4 Ne4 13. Nxe4 Bxe4 14. Ne5 Bxg2 15.
Nxd7 Qxd7 16. Kxg2 cxd4 17. Rxd4 Bf6 18. Rd3 Bxb2 19. Qxb2 b5 20. Rad1 bxc4 21.
Rxd6 Qb7+ 22. Kg1 Rab8 23. Qc3 cxb3 24. axb3 Qxb3 25. Qxb3 Rxb3 1/2-1/2

[Event "Capablanca mem open"]
[Site "La Habana CUB"]
[Date "2006.11.21"]
[Round "1.5"]
[White "Vera, Reynaldo"]
[Black "Resende, Antonio Carlos"]
[Result "1/2-1/2"]
[WhiteElo "2510"]
[BlackElo "2402"]
[PlyCount "43"]
[EventDate "2006.11.21"]
[EventType "swiss"]
[EventRounds "9"]
[EventCountry "CUB"]
[Source "lmi"]
[SourceDate "2006.11.21"]

1. d4 c5 2. d5 g6 3. e4 Bg7 4. Nf3 d6 5. Bb5+ Bd7 6. a4 Nf6 7. Nc3 O-O 8. h3 e6
9. O-O exd5 10. exd5 Bxb5 11. axb5 Nbd7 12. Bf4 Nb6 13. Qd3 c4 14. Qd2 Re8 15.
Rfe1 Qd7 16. Rxe8+ Nxe8 17. Be3 Bxc3 18. Qxc3 Nxd5 19. Qxc4 Nxe3 20. fxe3 Nc7
21. Nd4 a6 22. bxa6 1/2-1/2

[Event "Capablanca mem open"]
[Site "La Habana CUB"]
[Date "2006.11.21"]
[Round "1.6"]
[White "Garcia, Osmel"]
[Black "Pedersen, Nicolai Vesterbaek"]
[Result "1/2-1/2"]
[WhiteElo "2400"]
[BlackElo "2510"]
[PlyCount "42"]
[EventDate "2006.11.21"]
[EventType "swiss"]
[EventRounds "9"]
[EventCountry "CUB"]
[Source "lmi"]
[SourceDate "2006.11.21"]

1. e4 e5 2. Nf3 Nc6 3. Bc4 Bc5 4. O-O Nf6 5. d3 a6 6. Bb3 Ba7 7. c3 O-O 8. Re1
d6 9. h3 Ne7 10. Nbd2 Ng6 11. Nf1 Nh5 12. Bg5 Qe8 13. Nh4 Nhf4 14. Nxg6 Nxg6
15. Ng3 Be6 16. Nf5 Kh8 17. Qf3 f6 18. Be3 Qf7 19. Bxe6 Qxe6 20. d4 Ne7 21. a4
g6 1/2-1/2

[Event "Capablanca mem open"]
[Site "La Habana CUB"]
[Date "2006.11.21"]
[Round "1.7"]
[White "Gonzalez, Yuri"]
[Black "Muñoz, Lisandro"]
[Result "1-0"]
[WhiteElo "2502"]
[BlackElo "2396"]
[PlyCount "39"]
[EventDate "2006.11.21"]
[EventType "swiss"]
[EventRounds "9"]
[EventCountry "CUB"]
[Source "lmi"]
[SourceDate "2006.11.21"]

1. e4 e6 2. d4 d5 3. e5 c5 4. c3 Nc6 5. Nf3 Bd7 6. Be2 f6 7. O-O Qc7 8. Re1
fxe5 9. Nxe5 Nxe5 10. dxe5 O-O-O 11. Bg4 g6 12. c4 h5 13. Bh3 Be7 14. Nc3 dxc4
15. Ne4 Qxe5 16. Ng5 Qg7 17. Bf4 Bxg5 18. Bxg5 Re8 19. Bxe6 b6 20. Qxd7+ 1-0

[Event "Capablanca mem open"]
[Site "La Habana CUB"]
[Date "2006.11.21"]
[Round "1.9"]
[White "Corrales, Fidel"]
[Black "Perez, Rodney"]
[Result "1/2-1/2"]
[WhiteElo "2496"]
[BlackElo "2385"]
[PlyCount "103"]
[EventDate "2006.11.21"]
[EventType "swiss"]
[EventRounds "9"]
[EventCountry "CUB"]
[Source "lmi"]
[SourceDate "2006.11.21"]

1. d4 d5 2. c4 c6 3. Nf3 Nf6 4. Nc3 dxc4 5. a4 e6 6. e3 c5 7. Bxc4 Nc6 8. O-O
cxd4 9. exd4 Be7 10. Be3 O-O 11. Ne5 Bd7 12. Nxd7 Qxd7 13. d5 exd5 14. Nxd5
Rfd8 15. Nxf6+ Bxf6 16. Qxd7 Rxd7 17. Rad1 Rad8 18. Rxd7 Rxd7 19. b4 Nxb4 20.
Bb5 Rd8 21. Bxa7 Bd4 22. Bxd4 Rxd4 23. Rc1 g6 24. g3 Nc6 25. Bxc6 bxc6 26. Ra1
Kf8 27. Kf1 Ke7 28. a5 Rb4 29. Ke2 Kd6 30. Kd3 Kc5 31. a6 Rd4+ 32. Ke3 Rd8 33.
Rb1 Re8+ 34. Kf4 Ra8 35. Rb7 Rxa6 36. Rxf7 Kd4 37. Rxh7 c5 38. Rd7+ Kc3 39. Rc7
c4 40. Kg5 Kd4 41. f4 c3 42. g4 Ra5+ 43. Kxg6 Rc5 44. Re7 c2 45. Re1 c1=Q 46.
Rxc1 Rxc1 47. f5 Rh1 48. f6 Rxh2 49. f7 Rf2 50. Kg7 Ke5 51. f8=Q Rxf8 52. Kxf8
1/2-1/2

[Event "Capablanca mem open"]
[Site "La Habana CUB"]
[Date "2006.11.21"]
[Round "1.10"]
[White "Puntier, William"]
[Black "Gongora, Maikel"]
[Result "0-1"]
[WhiteElo "2337"]
[BlackElo "2467"]
[PlyCount "50"]
[EventDate "2006.11.21"]
[EventType "swiss"]
[EventRounds "9"]
[EventCountry "CUB"]
[Source "lmi"]
[SourceDate "2006.11.21"]

1. e4 e5 2. Nf3 Nc6 3. Bb5 a6 4. Ba4 Nf6 5. O-O b5 6. Bb3 Bc5 7. c3 d6 8. d4
Bb6 9. a4 Bg4 10. axb5 axb5 11. Rxa8 Qxa8 12. Na3 exd4 13. Nxb5 dxc3 14. Be3
Qb7 15. Qxd6 cxd6 16. Nxd6+ Ke7 17. Nxb7 Bxe3 18. fxe3 Bxf3 19. gxf3 Rb8 20.
Ba4 Ne5 21. Na5 cxb2 22. Bc2 Rc8 23. Bb1 Rc1 24. Nb3 Nxf3+ 25. Kg2 Ne1+ 0-1

[Event "Capablanca mem open"]
[Site "La Habana CUB"]
[Date "2006.11.21"]
[Round "1.11"]
[White "Abreu, Aryam"]
[Black "Soto Paez, Oliver"]
[Result "1/2-1/2"]
[WhiteElo "2465"]
[BlackElo "2315"]
[PlyCount "137"]
[EventDate "2006.11.21"]
[EventType "swiss"]
[EventRounds "9"]
[EventCountry "CUB"]
[Source "lmi"]
[SourceDate "2006.11.21"]

1. e4 c5 2. Nf3 e6 3. d4 cxd4 4. Nxd4 a6 5. c4 Nf6 6. Nc3 Qc7 7. a3 b6 8. Be3
Bb7 9. f3 d6 10. Rc1 Nbd7 11. Be2 Be7 12. O-O h5 13. b4 Rc8 14. Qd2 Qb8 15.
Rfd1 Bd8 16. Nb3 Bc7 17. Bf4 Ne5 18. Bxe5 dxe5 19. Qe3 O-O 20. Na4 Bc6 21. b5
Be8 22. Nc3 axb5 23. Nxb5 Bxb5 24. cxb5 Bd6 25. a4 Bb4 26. Rc6 Qa7 27. Ra1 Nd7
28. a5 Bc5 29. Nxc5 Nxc5 30. Ra3 Rxc6 31. bxc6 Rc8 32. Bb5 Rb8 33. a6 Qc7 34.
Ra2 g6 35. Rd2 Kg7 36. Rd1 Ra8 37. Qc3 g5 38. h3 h4 39. Kh2 Kf6 40. Qd2 Qe7 41.
Qe3 Kg6 42. Qa3 Qc7 43. Ra1 Ra7 44. Qb2 Kf6 45. Ra3 Ke7 46. Ra1 Kf6 47. Qa3 Kg6
48. Rd1 Ra8 49. Qa2 Kf6 50. Qd2 Qe7 51. Qe3 Kg6 52. Ra1 Ra7 53. g3 hxg3+ 54.
Kxg3 f5 55. Kh2 Kf6 56. Rg1 f4 57. Qf2 Qh7 58. h4 Nxa6 59. Bxa6 Rxa6 60. Rc1
Ra7 61. Kg2 gxh4 62. Qxb6 h3+ 63. Kh1 Qh5 64. Qd8+ Kf7 65. Rf1 Ra1 66. Qd7+ Kf6
67. Qd8+ Kf7 68. Qd7+ Kf6 69. Qd8+ 1/2-1/2

[Event "Capablanca mem open"]
[Site "La Habana CUB"]
[Date "2006.11.21"]
[Round "1.12"]
[White "Iturrizaga, Eduardo"]
[Black "Pozo Vera, Sandro"]
[Result "1-0"]
[WhiteElo "2309"]
[BlackElo "2462"]
[PlyCount "101"]
[EventDate "2006.11.21"]
[EventType "swiss"]
[EventRounds "9"]
[EventCountry "CUB"]
[Source "lmi"]
[SourceDate "2006.11.21"]

1. e4 e6 2. d4 d5 3. Nc3 Bb4 4. e5 c5 5. a3 Bxc3+ 6. bxc3 Ne7 7. Qg4 O-O 8. Bd3
f5 9. exf6 Rxf6 10. Bg5 Rf7 11. Qh5 g6 12. Qd1 Nbc6 13. Nf3 Qf8 14. O-O c4 15.
Be2 h6 16. Bc1 Kh7 17. a4 Bd7 18. Ba3 Qb8 19. Re1 Qc7 20. Qd2 Nf5 21. h4 Rh8
22. Bd1 Nd6 23. Ne5 Nxe5 24. Rxe5 Nf5 25. g3 Nd6 26. Bc1 Kg7 27. Qe1 Rf6 28.
Bg4 Re8 29. Bf4 Rxf4 30. gxf4 Nf7 31. Re3 Qxf4 32. Rg3 Bc8 33. Bh5 Nh8 34. Bxg6
Nxg6 35. h5 e5 36. Rxg6+ Kh7 37. Qe3 Qxe3 38. fxe3 exd4 39. exd4 Bf5 40. Rf6
Be4 41. Rf7+ Kh8 42. Raf1 Rg8+ 43. Kh2 Rg2+ 44. Kh3 Rg7 45. R1f6 Bxc2 46. Rxh6+
Kg8 47. Rxg7+ Kxg7 48. Rd6 Bxa4 49. Rxd5 Bc6 50. Rc5 Kh6 51. Kh4 1-0

[Event "Capablanca mem open"]
[Site "La Habana CUB"]
[Date "2006.11.21"]
[Round "1.14"]
[White "Elliott, Warren"]
[Black "Perez, Luis Manuel"]
[Result "0-1"]
[WhiteElo "2286"]
[BlackElo "2455"]
[PlyCount "76"]
[EventDate "2006.11.21"]
[EventType "swiss"]
[EventRounds "9"]
[EventCountry "CUB"]
[Source "lmi"]
[SourceDate "2006.11.21"]

1. e4 d6 2. d4 Nf6 3. Nc3 g6 4. f4 Bg7 5. Nf3 c5 6. Bb5+ Bd7 7. e5 Ng4 8. Bxd7+
Qxd7 9. d5 dxe5 10. h3 e4 11. Nxe4 Nf6 12. Nxf6+ Bxf6 13. O-O O-O 14. Be3 b6
15. Ne5 Qc7 16. Ng4 Bxb2 17. f5 Nd7 18. Rb1 Bf6 19. Bf4 Qb7 20. d6 Bd4+ 21. Kh1
e6 22. c3 Bg7 23. fxe6 fxe6 24. Qe2 Rae8 25. Rbd1 h5 26. Nh2 Rf5 27. Bg3 Nf6
28. Rxf5 gxf5 29. Qb5 Qd7 30. a4 Qxb5 31. axb5 Rd8 32. Bh4 Rd7 33. Nf3 Ne4 34.
Ng5 Nxg5 35. Bxg5 Bxc3 36. Be7 Kf7 37. g4 hxg4 38. hxg4 Bf6 0-1

[Event "Capablanca mem open"]
[Site "La Habana CUB"]
[Date "2006.11.21"]
[Round "1.15"]
[White "Prasca, Raphael"]
[Black "Diaz Ordonez, Ciro"]
[Result "1-0"]
[WhiteElo "2448"]
[BlackElo "2257"]
[PlyCount "89"]
[EventDate "2006.11.21"]
[EventType "swiss"]
[EventRounds "9"]
[EventCountry "CUB"]
[Source "lmi"]
[SourceDate "2006.11.21"]

1. e4 c5 2. Nf3 e6 3. d4 cxd4 4. Nxd4 Qb6 5. Nb3 Qc7 6. g3 b6 7. Bg2 Bb7 8. O-O
Nf6 9. Re1 a6 10. Nc3 d6 11. f4 Be7 12. Qe2 O-O 13. g4 Re8 14. g5 Nfd7 15. Bd2
Nc6 16. Qh5 b5 17. Re3 Nf8 18. f5 Ne5 19. Rf1 b4 20. f6 bxc3 21. Rxc3 Qd7 22.
fxe7 Qxe7 23. Na5 Rac8 24. Qe2 Rxc3 25. Bxc3 Nfg6 26. Qf2 Nc6 27. Nxb7 Qxb7 28.
Qg3 e5 29. Rd1 Qe7 30. Bf1 Nf4 31. Bd2 Ne6 32. Be3 Nc7 33. c3 Rb8 34. Rd2 a5
35. b3 Ne8 36. Bc4 Qc7 37. Qg4 Qe7 38. h4 Nc7 39. Rf2 Rf8 40. h5 Ne6 41. g6
Ncd8 42. gxf7+ Rxf7 43. Rxf7 Kxf7 44. Bg5 Qa7+ 45. Kg2 1-0

[Event "Capablanca mem open"]
[Site "La Habana CUB"]
[Date "2006.11.21"]
[Round "1.16"]
[White "Arias, Lemmys A"]
[Black "Landenbergue, Claude"]
[Result "1/2-1/2"]
[WhiteElo "2253"]
[BlackElo "2446"]
[PlyCount "90"]
[EventDate "2006.11.21"]
[EventType "swiss"]
[EventRounds "9"]
[EventCountry "CUB"]
[Source "lmi"]
[SourceDate "2006.11.21"]

1. d4 Nf6 2. c4 e6 3. Nf3 b6 4. g3 Bb7 5. Bg2 Be7 6. O-O O-O 7. Nc3 Na6 8. a3
d5 9. Ne5 c5 10. cxd5 exd5 11. Be3 h6 12. Rc1 Re8 13. Nd3 cxd4 14. Bxd4 Ne4 15.
Nf4 Bg5 16. e3 Nc7 17. Re1 Bxf4 18. exf4 Ne6 19. Be3 Nxc3 20. Rxc3 Qf6 21. Rc2
Rad8 22. Rd2 Rd7 23. Bd4 Qd8 24. Rde2 Rde7 25. Re5 Nxd4 26. Qxd4 Qd6 27. Bf3
Kf8 28. b4 f6 29. Rxe7 Rxe7 30. Rd1 Re8 31. Kg2 Re7 32. Rd3 Re8 33. Qc3 Rc8 34.
Qd2 Bc6 35. Rd4 Rd8 36. Qd3 Qe6 37. b5 Bb7 38. a4 Kg8 39. h3 Qd6 40. Bd1 Qc5
41. Bc2 Kf8 42. Bb3 Re8 43. Qd2 Re2 44. Qd3 Re7 45. Qd2 Re2 1/2-1/2

[Event "Capablanca mem open"]
[Site "La Habana CUB"]
[Date "2006.11.21"]
[Round "1.19"]
[White "Borges Mateos, Juan"]
[Black "Ramon, Vivian"]
[Result "1-0"]
[WhiteElo "2431"]
[BlackElo "2223"]
[PlyCount "73"]
[EventDate "2006.11.21"]
[EventType "swiss"]
[EventRounds "9"]
[EventCountry "CUB"]
[Source "lmi"]
[SourceDate "2006.11.21"]

1. Nf3 Nf6 2. c4 d6 3. Nc3 e5 4. g3 Nbd7 5. d4 Be7 6. Bg2 O-O 7. O-O c6 8. Qc2
Re8 9. Rd1 Qc7 10. b3 Bf8 11. e4 a6 12. Be3 b6 13. Rac1 Bb7 14. d5 c5 15. Ne1
g6 16. Nd3 Bg7 17. Rb1 Rac8 18. f3 Rf8 19. Bh3 Rce8 20. b4 Bc8 21. bxc5 bxc5
22. Qa4 Nb6 23. Qa5 Nbxd5 24. Qxc7 Nxc7 25. Bxc8 Rxc8 26. Rb6 Rfd8 27. Rdb1
Nfe8 28. Nd5 Nxd5 29. cxd5 Ra8 30. Nb2 Rdb8 31. Nc4 Rxb6 32. Rxb6 Bf8 33. Rb7
h6 34. g4 g5 35. Bd2 Kg7 36. Ba5 Kf6 37. Nb6 1-0

[Event "Capablanca mem open"]
[Site "La Habana CUB"]
[Date "2006.11.21"]
[Round "1.20"]
[White "Ordaz Valdes, Lisandra"]
[Black "Haznedaroglu, Kivanc"]
[Result "1/2-1/2"]
[WhiteElo "2216"]
[BlackElo "2430"]
[PlyCount "66"]
[EventDate "2006.11.21"]
[EventType "swiss"]
[EventRounds "9"]
[EventCountry "CUB"]
[Source "lmi"]
[SourceDate "2006.11.21"]

1. d4 d5 2. c4 c6 3. e3 Nf6 4. Nf3 e6 5. Bd3 dxc4 6. Bxc4 Nbd7 7. O-O Bd6 8.
Nc3 b5 9. Bd3 O-O 10. Ne4 Nxe4 11. Bxe4 Bb7 12. Bd2 Qe7 13. Ne5 Nxe5 14. dxe5
Bxe5 15. Bxh7+ Kxh7 16. Qh5+ Kg8 17. Qxe5 Rfd8 18. Bc3 f6 19. Qf4 c5 20. Rfd1
b4 21. Be1 Rac8 22. h4 Rd7 23. Qg4 Rcd8 24. Rac1 f5 25. Rxd7 Rxd7 26. Qg6 Rd5
27. h5 Qf7 28. Qxf7+ Kxf7 29. Bxb4 cxb4 30. Rc7+ Kf6 31. Rxb7 a5 32. Ra7 Rd1+
33. Kh2 Rd2 1/2-1/2

[Event "Capablanca mem open"]
[Site "La Habana CUB"]
[Date "2006.11.21"]
[Round "1.21"]
[White "Zambrana, Oswaldo"]
[Black "Macias Murillo, Bryan"]
[Result "1-0"]
[WhiteElo "2427"]
[BlackElo "2216"]
[PlyCount "45"]
[EventDate "2006.11.21"]
[EventType "swiss"]
[EventRounds "9"]
[EventCountry "CUB"]
[Source "lmi"]
[SourceDate "2006.11.21"]

1. e4 c5 2. Nf3 d6 3. d4 cxd4 4. Nxd4 Nf6 5. Nc3 a6 6. Bg5 e6 7. f4 Qb6 8. Qd2
Qxb2 9. Rb1 Qa3 10. Bxf6 gxf6 11. Be2 Be7 12. O-O b5 13. f5 Qc5 14. Kh1 Nc6 15.
Nxc6 Qxc6 16. Nxb5 Bd7 17. Nd4 Qc5 18. fxe6 fxe6 19. Bg4 Qe5 20. Rb7 Qxe4 21.
Bh5+ Kf8 22. Qh6+ Kg8 23. Rxd7 1-0

[Event "Capablanca mem open"]
[Site "La Habana CUB"]
[Date "2006.11.21"]
[Round "1.22"]
[White "Hernandez, Tania"]
[Black "Blanco, Humberto"]
[Result "0-1"]
[WhiteElo "2201"]
[BlackElo "2426"]
[PlyCount "90"]
[EventDate "2006.11.21"]
[EventType "swiss"]
[EventRounds "9"]
[EventCountry "CUB"]
[Source "lmi"]
[SourceDate "2006.11.21"]

1. e4 d6 2. d4 Nf6 3. Nc3 e5 4. dxe5 dxe5 5. Qxd8+ Kxd8 6. Bg5 Be6 7. O-O-O+
Nbd7 8. f4 exf4 9. Nd5 Bd6 10. Nf3 Bxd5 11. Rxd5 Ke8 12. Bxf6 Nxf6 13. Rf5 Ng4
14. Rg5 Nf2 15. Bb5+ c6 16. Rf1 h6 17. Rh5 Ng4 18. Bd3 g6 19. Ra5 Bb4 20. Ra4
a5 21. Nd4 g5 22. c3 Ne5 23. Be2 b5 24. Nxb5 cxb5 25. Bxb5+ Ke7 26. cxb4 Rhb8
27. Be2 Rxb4 28. Rxb4 axb4 29. Kb1 Rd8 30. Kc2 Rd4 31. Kb3 Rxe4 32. Bf3 Rd4 33.
Re1 Kd6 34. Rc1 g4 35. Bb7 f3 36. gxf3 gxf3 37. Rf1 Rf4 38. Rf2 Kc5 39. Kc2 Kd4
40. a4 bxa3 41. bxa3 Ke3 42. Rf1 f2 43. Ba6 Ra4 44. Bb5 Rxa3 45. Kb2 Ra5 0-1

[Event "Capablanca mem open"]
[Site "La Habana CUB"]
[Date "2006.11.21"]
[Round "1.23"]
[White "Mosquera, Miguel"]
[Black "Linares Napoles, Oleiny"]
[Result "1-0"]
[WhiteElo "2425"]
[BlackElo "2199"]
[PlyCount "35"]
[EventDate "2006.11.21"]
[EventType "swiss"]
[EventRounds "9"]
[EventCountry "CUB"]
[Source "lmi"]
[SourceDate "2006.11.21"]

1. e4 d6 2. d4 Nf6 3. Nc3 g6 4. Bg5 Nbd7 5. f4 h6 6. Bh4 c6 7. Qd2 b5 8. a3 Qb6
9. Nf3 Bb7 10. e5 dxe5 11. dxe5 Nd5 12. Bf2 Qa6 13. Nxd5 cxd5 14. Nd4 Bc6 15.
e6 fxe6 16. Qc3 Rc8 17. Nxc6 Rg8 18. Nb4 1-0

[Event "Capablanca mem open"]
[Site "La Habana CUB"]
[Date "2006.11.21"]
[Round "1.24"]
[White "Aponte, Ernesto"]
[Black "Otero, Diasmany"]
[Result "1-0"]
[WhiteElo "2115"]
[BlackElo "2423"]
[PlyCount "81"]
[EventDate "2006.11.21"]
[EventType "swiss"]
[EventRounds "9"]
[EventCountry "CUB"]
[Source "lmi"]
[SourceDate "2006.11.21"]

1. d4 f5 2. Nc3 d5 3. Bf4 c6 4. e3 Nf6 5. Nf3 e6 6. h3 Be7 7. Bd3 O-O 8. O-O
Nbd7 9. Ne5 Nxe5 10. Bxe5 Bd7 11. Ne2 Be8 12. Nf4 Bf7 13. Be2 Nd7 14. Nd3 Nxe5
15. Nxe5 Bd6 16. c4 Bxe5 17. dxe5 dxc4 18. Bxc4 Qxd1 19. Rfxd1 Rfd8 20. a4 a5
21. f3 Kf8 22. Kf2 Ke7 23. g4 g6 24. f4 Be8 25. g5 b5 26. Bb3 Rxd1 27. Rxd1 Rb8
28. Rd2 bxa4 29. Bxa4 c5 30. Bxe8 Kxe8 31. Kf3 Ke7 32. h4 c4 33. Kg3 Rb3 34.
Kf3 a4 35. Rc2 Rb4 36. Rd2 Rb3 37. Rc2 c3 38. bxc3 a3 39. e4 Rb2 40. Rc1 a2 41.
Ra1 1-0

[Event "Capablanca mem open"]
[Site "La Habana CUB"]
[Date "2006.11.22"]
[Round "2.1"]
[White "Arencibia, Walter"]
[Black "Zambrana, Oswaldo"]
[Result "0-1"]
[WhiteElo "2530"]
[BlackElo "2427"]
[PlyCount "78"]
[EventDate "2006.11.21"]
[EventType "swiss"]
[EventRounds "9"]
[EventCountry "CUB"]
[Source "lmi"]
[SourceDate "2006.11.21"]

1. Nf3 d5 2. d4 Nf6 3. c4 e6 4. Nc3 c6 5. Bg5 h6 6. Bxf6 Qxf6 7. e3 Nd7 8. Bd3
g6 9. O-O Bg7 10. cxd5 exd5 11. e4 dxe4 12. Nxe4 Qe7 13. Re1 O-O 14. Qb3 Nb6
15. Nc5 Qd6 16. Rad1 Qd5 17. Qa3 Nc4 18. Qb4 Nxb2 19. Be4 Qc4 20. Qxb2 Qxc5 21.
Qxb7 Bxb7 22. dxc5 Rfd8 23. Rb1 Rab8 24. g3 Ba6 25. Red1 Rxb1 26. Rxb1 Bf8 27.
Rc1 Bxc5 28. Ne5 Bb6 29. Rc2 c5 30. Kg2 Kg7 31. f4 Rd4 32. Bf3 g5 33. fxg5 hxg5
34. Nc6 Rd6 35. Ne5 f6 36. Nc4 Bxc4 37. Rxc4 Rd2+ 38. Kh3 f5 39. g4 Bc7 0-1

[Event "Capablanca mem open"]
[Site "La Habana CUB"]
[Date "2006.11.22"]
[Round "2.2"]
[White "Blanco, Humberto"]
[Black "Gonzalez, Yuri"]
[Result "0-1"]
[WhiteElo "2426"]
[BlackElo "2502"]
[PlyCount "98"]
[EventDate "2006.11.21"]
[EventType "swiss"]
[EventRounds "9"]
[EventCountry "CUB"]
[Source "lmi"]
[SourceDate "2006.11.21"]

1. e4 c6 2. d4 d5 3. Nc3 dxe4 4. Nxe4 Bf5 5. Ng3 Bg6 6. h4 h6 7. Nf3 Nd7 8. h5
Bh7 9. Bd3 Bxd3 10. Qxd3 e6 11. Bf4 Qa5+ 12. Bd2 Bb4 13. c3 Be7 14. O-O Ngf6
15. c4 Qc7 16. c5 O-O 17. b4 Rfe8 18. Rfe1 Bf8 19. Qe2 Nd5 20. Ne5 Nxe5 21.
Qxe5 Qd7 22. Ne4 Rad8 23. Rad1 f6 24. Qg3 f5 25. Nc3 Nxb4 26. Bxh6 Nc2 27. Re5
Qf7 28. Ne2 Qxh5 29. Bg5 Rxd4 30. Rxd4 Nxd4 31. Nf4 Qd1+ 32. Kh2 Qg4 33. Qxg4
fxg4 34. Kg3 Kf7 35. Kxg4 b6 36. cxb6 axb6 37. Re4 c5 38. Nd3 Nc6 39. a4 Bd6
40. Bc1 Rd8 41. Bb2 Bc7 42. Re3 Nd4 43. Ne1 Nf5 44. Rf3 Ra8 45. Ra3 c4 46. Nf3
Bd6 47. Ra1 Rc8 48. Bc3 Be7 49. Ne5+ Kg8 0-1

[Event "Capablanca mem open"]
[Site "La Habana CUB"]
[Date "2006.11.22"]
[Round "2.3"]
[White "Gongora, Maikel"]
[Black "Mosquera, Miguel"]
[Result "0-1"]
[WhiteElo "2467"]
[BlackElo "2425"]
[PlyCount "82"]
[EventDate "2006.11.21"]
[EventType "swiss"]
[EventRounds "9"]
[EventCountry "CUB"]
[Source "lmi"]
[SourceDate "2006.11.21"]

1. e4 c5 2. Nf3 d6 3. d4 cxd4 4. Nxd4 Nf6 5. Nc3 a6 6. Bg5 e6 7. f4 Be7 8. Qf3
Qc7 9. O-O-O Nbd7 10. g4 b5 11. Bxf6 Nxf6 12. g5 Nd7 13. f5 Bxg5+ 14. Kb1 Ne5
15. Qh5 Qe7 16. Nxe6 Bxe6 17. fxe6 g6 18. exf7+ Kxf7 19. Qh3 Kg7 20. Nd5 Qd8
21. Qc3 Qc8 22. Qe1 Qc5 23. h4 Bh6 24. Rh3 Rhf8 25. Be2 Rac8 26. Rc3 Qa7 27.
Rxc8 Rxc8 28. h5 Rf8 29. Qh4 g5 30. Qh3 Qf2 31. Bg4 Nxg4 32. Qxg4 Qf3 33. Qg1
Qxe4 34. a4 Kh8 35. Qb6 Qe5 36. axb5 axb5 37. Qxb5 g4 38. Rg1 Qd4 39. Re1 g3
40. Qd3 Qxd3 41. cxd3 g2 0-1

[Event "Capablanca mem open"]
[Site "La Habana CUB"]
[Date "2006.11.22"]
[Round "2.4"]
[White "Barrientos, Sergio"]
[Black "Escobar Forero, Alder"]
[Result "1/2-1/2"]
[WhiteElo "2421"]
[BlackElo "2457"]
[PlyCount "40"]
[EventDate "2006.11.21"]
[EventType "swiss"]
[EventRounds "9"]
[EventCountry "CUB"]
[Source "lmi"]
[SourceDate "2006.11.21"]

1. Nf3 Nf6 2. g3 c5 3. c4 b6 4. Bg2 Bb7 5. O-O e6 6. Nc3 Be7 7. b3 O-O 8. Bb2
d5 9. cxd5 Nxd5 10. d3 Bf6 11. Qd2 Nxc3 12. Bxc3 Bxc3 13. Qxc3 Nc6 14. Rac1 Rc8
15. Qb2 Qe7 16. Rfd1 Rfd8 17. a3 e5 18. Nxe5 Nxe5 19. Bxb7 Nxd3 20. Rxd3 Qxb7
1/2-1/2

[Event "Capablanca mem open"]
[Site "La Habana CUB"]
[Date "2006.11.22"]
[Round "2.6"]
[White "Perez, Orelvis"]
[Black "Prasca, Raphael"]
[Result "1-0"]
[WhiteElo "2415"]
[BlackElo "2448"]
[PlyCount "169"]
[EventDate "2006.11.21"]
[EventType "swiss"]
[EventRounds "9"]
[EventCountry "CUB"]
[Source "lmi"]
[SourceDate "2006.11.21"]

1. e4 e6 2. d4 d5 3. Nc3 Bb4 4. e5 c5 5. a3 Bxc3+ 6. bxc3 Qa5 7. Bd2 Qa4 8. Qb1
c4 9. Nh3 Nc6 10. Qd1 h6 11. Qg4 Rh7 12. Kd1 Bd7 13. Qh4 Nce7 14. g4 Rh8 15.
Qh5 g6 16. Qh4 O-O-O 17. Be2 Nc6 18. f4 Nge7 19. Ng1 Rdf8 20. Qf6 Rh7 21. Nf3
Ng8 22. Qh4 Nce7 23. Qg3 Rg7 24. h4 f5 25. Rg1 fxg4 26. Qxg4 Nf5 27. Qh3 Nge7
28. Nh2 Kc7 29. Bg4 Rfg8 30. Be1 Nc8 31. Bf2 Nce7 32. Kd2 h5 33. Bxf5 Nxf5 34.
Nf1 Qa5 35. Ng3 Nh6 36. Nf1 Rf8 37. Nh2 Nf5 38. Nf3 Nh6 39. Be3 Ng4 40. Nh2 Nh6
41. Rg5 Nf5 42. Bf2 Ne7 43. Be3 Rgf7 44. Rg2 Nf5 45. Rf2 Kc8 46. Rff1 Qd8 47.
Bf2 Nh6 48. Bg3 Nf5 49. Rab1 Qa5 50. Bf2 Ne7 51. Be3 Nf5 52. Bf2 Ne7 53. Be3
Nf5 54. Bg1 a6 55. Nf3 Kc7 56. Qg2 Qxa3 57. Ng5 Rg7 58. Bf2 Qe7 59. Rb2 Nh6 60.
Bg3 Nf7 61. Nh3 Ra8 62. Qg1 Bc6 63. Ra1 Nh6 64. Ng5 Nf7 65. Nf3 Rgg8 66. Qb1 b5
67. Ra5 Rgb8 68. Rb4 Bb7 69. Ra1 Nd8 70. Rb2 Nc6 71. Qf1 Bc8 72. Ke3 Bd7 73.
Be1 Qf8 74. Qh3 Qe7 75. Bd2 Qf8 76. Ng5 Qg8 77. Rg1 Ne7 78. Kf2 Nf5 79. Nf3 Qf7
80. Rg5 a5 81. Qg2 Ne7 82. Ke1 Rb6 83. Ra2 Rbb8 84. Kd1 Nf5 85. Rxg6 1-0

[Event "Capablanca mem open"]
[Site "La Habana CUB"]
[Date "2006.11.22"]
[Round "2.7"]
[White "Mena Crespo, Carlos"]
[Black "De La Paz, Frank"]
[Result "1-0"]
[WhiteElo "2413"]
[BlackElo "2442"]
[PlyCount "91"]
[EventDate "2006.11.21"]
[EventType "swiss"]
[EventRounds "9"]
[EventCountry "CUB"]
[Source "lmi"]
[SourceDate "2006.11.21"]

1. Nf3 Nf6 2. g3 g6 3. Bg2 Bg7 4. O-O O-O 5. d4 d6 6. c4 Nbd7 7. Nc3 e5 8. e4
Re8 9. h3 c6 10. Be3 a5 11. Qc2 a4 12. Rab1 exd4 13. Nxd4 Nc5 14. Rfe1 Nfd7 15.
b3 Ne5 16. Red1 axb3 17. axb3 Na6 18. Na2 Qe7 19. f4 Nd7 20. Bf2 Ndc5 21. Re1
Ne6 22. Ne2 g5 23. b4 gxf4 24. gxf4 Kh8 25. Nac3 Rg8 26. Qd3 Qf6 27. Be3 Qh4
28. Rf1 c5 29. b5 Nb4 30. Qd2 Bf6 31. Rf3 b6 32. Kh2 Bb7 33. Rg1 Rg7 34. Qxd6
Nc2 35. Bf2 Qh6 36. Qxb6 Rb8 37. Nd5 Bxd5 38. Qxb8+ Rg8 39. Qxg8+ Kxg8 40. cxd5
Ned4 41. Nxd4 Nxd4 42. Bxd4 Bxd4 43. Rb1 c4 44. Rb4 Ba7 45. Rxc4 Qf6 46. Rc8+
1-0